Contrats de travail répétés: le rôle de la mémoire.
Modelová štúdia opakovaných pracovných zmlúv. Základné charakteristiky a morálne riziká trhu práce. Akumulácia ľudského kapitálu. Problematika dlhodobých pracovných zmlúv. Miera optimalizácie statických a dynamických pracovných zmlúv. Možnosti využitia úveru a základné podmienky jeho existencie.
Salvato in:
| Autore principale: | |
|---|---|
| Altri autori: | |
| Natura: | Capitolo di libro |
| Lingua: | francese |
| Soggetti: | |
| Tags: |
Nessun Tag, puoi essere il primo ad aggiungerne!!
|
MARC
| LEADER | 00000naa a2200000 4500 | ||
|---|---|---|---|
| 001 | r001933 | ||
| 005 | 20220909074218.3 | ||
| 041 | 0 | |a fre | |
| 044 | |a FR | ||
| 245 | 1 | 0 | |a Contrats de travail répétés: le rôle de la mémoire. |c P.A. Chiappori, I. Macho-Stadler |
| 520 | |a Modelová štúdia opakovaných pracovných zmlúv. Základné charakteristiky a morálne riziká trhu práce. Akumulácia ľudského kapitálu. Problematika dlhodobých pracovných zmlúv. Miera optimalizácie statických a dynamických pracovných zmlúv. Možnosti využitia úveru a základné podmienky jeho existencie. | ||
| 610 | 2 | 0 | |a zmluvy pracovné |
| 610 | 2 | 0 | |a modely |
| 610 | 2 | 0 | |a trh práce |
| 610 | 2 | 0 | |a riziko |
| 610 | 2 | 0 | |a akumulácia |
| 610 | 2 | 0 | |a optimalizácia |
| 610 | 2 | 0 | |a úver |
| 100 | 1 | |a Chiappori, P.A. | |
| 700 | 1 | |a Macho-Stadler, I. | |